000 00404pam a2200157a 44500
008 230515b1994 xxu||||| |||| 00| 0 eng d
020 _aNULL
041 _aENGL
082 _a306.72 AWA
100 _a"AWASTHI R.,"
245 _aRALEGAN SIDDHI
250 _a0
260 _aBOMBAY
_bFOUNDATION FOR RESEARCH IN COMMUNITY HEALTH
_c1994
300 _aNULL
650 _a"INSTITUTIONS,VILLAGE DEVELOPMENT"
999 _c537270
_d537270